[Event "RUS-ch 53rd"]
[Site "Samara"]
[Date "2000.06.25"]
[Round "9"]
[White "Khlian, Eduard"]
[Black "Belitzkij, Alexandr"]
[Result "1/2-1/2"]
[WhiteElo "2454"]
[BlackElo "2306"]
[PlyCount "143"]
[EventDate "2000.06.03"]
[EventType "swiss"]
[EventRounds "11"]
[EventCountry "RUS"]
[SourceTitle "CBM 078"]
[Source "ChessBase"]
[SourceDate "2000.10.18"]
[SourceVersion "1"]
[SourceVersionDate "2000.10.18"]
[SourceQuality "1"]

1. d4 Nf6 2. c4 e6 3. Nf3 b6 4. g3 Bb7 5. Bg2 Be7 6. Nc3 Ne4 7. Bd2 d6 8. d5 Nxd2 9. Qxd2 e5 10. 0-0 a5 11. Ne1 Na6 12. Nc2 Nc5 13. b3 0-0 14. f4 Bf6 15. e4 Bc8 16. f5 Bd7 17. Qe2 Rb8 18. Rab1 Qe7 19. Rf2 Qe8 20. Na3 g6 21. Bh3 Qe7 22. Kg2 Ra8 23. Rbf1 Bg5 24. Bg4 f6 25. h4 Bh6 26. fxg6 hxg6 27. h5 Be8 28. Nc2 Bg5 29. Ne1 gxh5 30. Bxh5 Bxh5 31. Qxh5 Rf7 32. Rh1 Rh7 33. Qxh7+ Qxh7 34. Rxh7 Kxh7 35. Kf3 Kg6 36. Nb5 Rc8 37. Rh2 f5 38. exf5+ Kxf5 39. Rh7 e4+ 40. Ke2 Kg6 41. Rxc7 Rh8 42. Rc6 Rh2+ 43. Kf1 Nd3 44. Nxd6 Ne5 45. Nxe4+ Nxc6 46. dxc6 Bd8 47. Nc3 Kf7 48. Nf3 Rc2 49. Nd5 Rxa2 50. c7 Bxc7 51. Nxc7 Ra3 52. Nd2 a4 53. bxa4 Rxa4 54. Kf2 Ra3 55. Nb5 Rd3 56. Ne4 Kg6 57. Ke2 Rb3 58. Nbc3 Kf5 59. Kd3 Ke5 60. g4 Rb2 61. g5 Rh2 62. Ne2 Rh8 63. N2g3 Rc8 64. Nf5 Rh8 65. Nfd6 Rh3+ 66. Ke2 Kf4 67. Kf2 Rh2+ 68. Kg1 Ra2 69. Kf1 Ke5 70. Ke1 Kd4 71. Nd2 Ke3 72. Nf1+ 1/2-1/2

[Event "RUS-ch 53rd"]
[Site "Samara"]
[Date "2000.06.24"]
[Round "8"]
[White "Belitzkij, Alexandr"]
[Black "Bocharov, Dmitry"]
[Result "1/2-1/2"]
[WhiteElo "2306"]
[BlackElo "2475"]
[PlyCount "127"]
[EventDate "2000.06.03"]
[EventType "swiss"]
[EventRounds "11"]
[EventCountry "RUS"]
[SourceTitle "CBM 078"]
[Source "ChessBase"]
[SourceDate "2000.10.18"]
[SourceVersion "1"]
[SourceVersionDate "2000.10.18"]
[SourceQuality "1"]

1. d4 Nf6 2. c4 e6 3. Nc3 Bb4 4. Nf3 b6 5. Qc2 Bb7 6. a3 Bxc3+ 7. Qxc3 Ne4 8. Qc2 0-0 9. g3 f5 10. Bg2 Nf6 11. 0-0 Be4 12. Qc3 d6 13. b4 Qe8 14. Bb2 Nbd7 15. Rfd1 Qh5 16. Rac1 Rae8 17. b5 e5 18. dxe5 Nxe5 19. Qb3 f4 20. c5+ Kh8 21. cxd6 fxg3 22. fxg3 cxd6 23. Rxd6 Nfg4 24. h3 Bxf3 25. exf3 Ne3 26. Qxe3 Nxf3+ 27. Bxf3 Rxf3 28. Rh6 Qf7 29. Qg5 Rf8 30. Bxg7+ Qxg7 31. Qxg7+ Kxg7 32. Rh4 Rxg3+ 33. Kh2 Rxa3 34. Rc7+ Kg6 35. Rg4+ Kf5 36. Rxh7 Ke5 37. h4 Rf2+ 38. Rg2 Rxg2+ 39. Kxg2 Kf4 40. h5 Ra2+ 41. Kf1 Rh2 42. h6 Ke3 43. Rh8 Rf2+ 44. Kg1 Rf7 45. h7 Kf4 46. Kg2 Kf5 47. Kf3 Kg6+ 48. Ke4 Kg7 49. Re8 Kxh7 50. Kd5 Kg6 51. Kc6 Kf6 52. Re1 Rg7 53. Re2 Rg5 54. Rb2 Rg7 55. Re2 Rg5 56. Rb2 Re5 57. Kb7 Re7+ 58. Ka6 Rc7 59. Re2 Kf7 60. Re1 Rd7 61. Rh1 Ke6 62. Re1+ Kf7 63. Re2 Rc7 64. Re1 1/2-1/2

[Event "RUS-ch 53rd"]
[Site "Samara"]
[Date "2000.06.18"]
[Round "2"]
[White "Volzhin, Alexander"]
[Black "Belitzkij, Alexandr"]
[Result "1/2-1/2"]
[WhiteElo "2548"]
[BlackElo "2306"]
[PlyCount "128"]
[EventDate "2000.06.03"]
[EventType "swiss"]
[EventRounds "11"]
[EventCountry "RUS"]
[SourceTitle "CBM 078"]
[Source "ChessBase"]
[SourceDate "2000.10.18"]
[SourceVersion "1"]
[SourceVersionDate "2000.10.18"]
[SourceQuality "1"]

1. Nf3 d5 2. d4 Nf6 3. c4 c6 4. e3 g6 5. Nc3 Bg7 6. Be2 0-0 7. 0-0 Ne4 8. a4 f5 9. a5 e6 10. Ne5 Nd7 11. Nd3 Qf6 12. a6 bxa6 13. Qc2 Bb7 14. Na4 Rfc8 15. f3 Nd6 16. b3 e5 17. Bb2 Qe7 18. Rfe1 e4 19. Ndc5 Nxc5 20. Nxc5 exf3 21. Bxf3 Ne4 22. Bxe4 fxe4 23. Ba3 Re8 24. Nxa6 Qd8 25. Bc5 Bh6 26. Nb4 a5 27. Na2 Ba6 28. Nc3 dxc4 29. Ra4 cxb3 30. Qxb3+ Kh8 31. d5 Rb8 32. Bd4+ Bg7 33. Bxg7+ Kxg7 34. Qd1 Bd3 35. Qa1 Kh6 36. dxc6 Qd6 37. Rxa5 Qxc6 38. Nd5 Rf8 39. Nf4 Qb6 40. g3 Qb2 41. Qxb2 Rxb2 42. g4 g5 43. Nxd3 exd3 44. Rd1 Rc8 45. Ra6+ Kg7 46. Rd6 Rcc2 47. R1xd3 Rg2+ 48. Kf1 Rxh2 49. Kg1 Rhc2 50. R3d5 Rg2+ 51. Kf1 Rxg4 52. Rd7+ Kg6 53. R5d6+ Kf5 54. Rd5+ Ke4 55. Rd4+ Kf3 56. Rf7+ Kg3 57. Rxg4+ Kxg4 58. Rxh7 Kg3 59. e4 Rf2+ 60. Kg1 Re2 61. Rf7 Rxe4 62. Rf1 g4 63. Ra1 Re3 64. Rb1 Rd3 1/2-1/2